東京駅から鉄道だけで午前中に到着できる駅サドンデス - Statistics

General Stats
  • This quiz has been taken 825 times
  • The average score is 3 of 50
Answers on the Grid
Answers color-coded by a green-red scale on the quiz's grid according to % correct below.
札幌
洞爺
長万部
大沼
函館
七重浜
上磯
蟹田
大湊
津軽中里
黒石(青森)
鰺ヶ沢
十和田南
大館
鷹ノ巣
能代
男鹿
仁賀保
阿仁合
院内
赤渕
久慈
茂市
宮古
釜石
ほっとゆだ
気仙沼
南鳥海
小国
喜多方
会津川口
只見
芦ノ牧温泉
湯西川温泉
大前
鼠ケ関
津南
大白川
城端
穴水
九頭竜湖
小浜
駒ヶ根
飯田
天竜峡
金野
小和田
北濃
伊勢奥津
大曽根浦
紀伊勝浦
串本
周参見
白浜
西御坊
和歌山港
吉野(奈良県)
日本へそ公園
浜坂
若桜
倉吉
境港
松江
宍道
出雲市
津和野
あわくら温泉
中国勝山
布原
備後落合
塩町
三次
錦町
山口(山口県)
長門本山
長門市
鳴門
徳島
坪尻
阿波池田
高知
今治
松山(愛媛)
令和コスタ行橋
田川後藤寺
あかぢ
九郎原
甘木
唐津
吉野ヶ里公園
武雄温泉
肥前鹿島
荒木
熊本
杵築
別府(大分)
大分
佐伯
鹿児島中央
 
Answer Stats
Answer % Correct
函館
52%
喜多方
17%
気仙沼
15%
和歌山港
13%
蟹田
12%
山口(山口県)
12%
大沼
11%
釜石
9%
白浜
9%
大湊
8%
城端
8%
男鹿
7%
吉野(奈良県)
7%
上磯
6%
ほっとゆだ
6%
湯西川温泉
6%
小浜
6%
駒ヶ根
6%
黒石(青森)
5%
大前
5%
松江
5%
久慈
4%
日本へそ公園
4%
倉吉
4%
仁賀保
3%
小国
3%
芦ノ牧温泉
3%
穴水
3%
紀伊勝浦
3%
西御坊
3%
徳島
3%
鰺ヶ沢
2%
九頭竜湖
2%
伊勢奥津
2%
浜坂
2%
三次
2%
鳴門
2%
今治
2%
別府(大分)
2%
阿仁合
1%
鼠ケ関
1%
小和田
1%
阿波池田
1%
令和コスタ行橋
1%
吉野ヶ里公園
1%
武雄温泉
1%
あわくら温泉
0%
あかぢ
0%
九郎原
0%
荒木
0%
No matching quizzes found
Score Distribution
Percent of People with Each Score
Percentile by Number Answered
Your Score History
You have not taken this quiz